[Event "FSGM 2002.07"]
[Site "Budapest HUN"]
[Date "2002.07.10"]
[Round "5"]
[White "Gerzhoy, Leonid"]
[Black "Radziewicz, Iweta"]
[Result "0-1"]
[WhiteElo "2366"]
[BlackElo "2407"]
[PlyCount "130"]
[GameId "2129405142020560"]
[EventDate "2002.07.06"]
[EventType "tourn"]
[EventRounds "13"]
[EventCountry "HUN"]
[EventCategory "7"]
[SourceTitle "The Week in Chess 401"]
[Source "Mark Crowther"]
[SourceDate "2002.07.15"]
[SourceVersion "1"]
[SourceVersionDate "2002.07.15"]
[SourceQuality "2"]

1. Nf3 g6 2. d4 Bg7 3. c4 c5 4. e4 d6 5. d5 e6 6. Nc3 Ne7 7. Be2 O-O 8. O-O a6 9. a4 exd5 10. cxd5 f5 11. e5 dxe5 12. d6 Nec6 13. Bc4+ Kh8 14. Ng5 Nd4 15. Qd3 f4 16. Nce4 Bf5 17. Nf7+ Rxf7 18. Bxf7 Nbc6 19. Bd2 f3 20. gxf3 Qh4 21. Bd5 Nb4 22. Bxb4 cxb4 23. Qd1 Rf8 24. d7 Bxd7 25. Ng3 Bc6 26. Bxc6 bxc6 27. Kg2 Ne6 28. Kh1 Nd4 29. Kg2 Qf6 30. Qd3 Nxf3 31. Rad1 Nd4 32. Qe4 Bh6 33. Rd3 Bf4 34. Ne2 Qg5+ 35. Kh1 Qh5 36. Nxf4 Rxf4 37. Qg2 Qf5 38. Re3 e4 39. Qh3 Kg7 40. Qxf5 Nxf5 41. Ree1 Kf6 42. Rc1 Ne7 43. Rc4 a5 44. Kg2 Rg4+ 45. Kh1 Rf4 46. Re1 Rxf2 47. Rcxe4 Nf5 48. Re6+ Kg5 49. Rxc6 Rxb2 50. Rc5 Kg4 51. Rd5 Ra2 52. Rg1+ Kh4 53. Rd7 h5 54. Rxg6 Ne3 55. Rd4+ Ng4 56. Rh6 Rxh2+ 57. Kg1 Ra2 58. Ra6 Rxa4 59. Kg2 Ra1 60. Kf3 b3 61. Rd2 a4 62. Rb2 Ne5+ 63. Kg2 Nd3 64. Rd2 b2 65. Rb6 Ne1+ 0-1

[Event "FSGM 2002.07"]
[Site "Budapest HUN"]
[Date "2002.07.11"]
[Round "6"]
[White "Lukacs, Peter"]
[Black "Gerzhoy, Leonid"]
[Result "1/2-1/2"]
[WhiteElo "2444"]
[BlackElo "2366"]
[PlyCount "42"]
[GameId "2129405142020569"]
[EventDate "2002.07.06"]
[EventType "tourn"]
[EventRounds "13"]
[EventCountry "HUN"]
[EventCategory "7"]
[SourceTitle "The Week in Chess 401"]
[Source "Mark Crowther"]
[SourceDate "2002.07.15"]
[SourceVersion "1"]
[SourceVersionDate "2002.07.15"]
[SourceQuality "2"]

1. d4 Nf6 2. c4 e6 3. Nc3 Bb4 4. e3 c5 5. Bd3 O-O 6. Nf3 d5 7. O-O Nc6 8. a3 Bxc3 9. bxc3 dxc4 10. Bxc4 Qc7 11. Be2 e5 12. Bb2 Rd8 13. Qc2 Bg4 14. dxe5 Nxe5 15. c4 Nxf3+ 16. gxf3 Bh3 17. Rfd1 Qc6 18. Qc3 Ne8 19. Kh1 f6 20. Rd2 Rxd2 21. Qxd2 Qd7 1/2-1/2

[Event "FSGM 2002.07"]
[Site "Budapest HUN"]
[Date "2002.07.12"]
[Round "7"]
[White "Gerzhoy, Leonid"]
[Black "Csom, Istvan"]
[Result "0-1"]
[WhiteElo "2366"]
[BlackElo "2448"]
[PlyCount "102"]
[GameId "2129405142020573"]
[EventDate "2002.07.06"]
[EventType "tourn"]
[EventRounds "13"]
[EventCountry "HUN"]
[EventCategory "7"]
[SourceTitle "The Week in Chess 401"]
[Source "Mark Crowther"]
[SourceDate "2002.07.15"]
[SourceVersion "1"]
[SourceVersionDate "2002.07.15"]
[SourceQuality "2"]

1. Nf3 b6 2. e4 Bb7 3. Nc3 e6 4. d4 Bb4 5. Bd3 c5 6. Bd2 cxd4 7. Nxd4 Be7 8. Qe2 a6 9. e5 d6 10. exd6 Qxd6 11. Nf3 Nf6 12. O-O-O Nbd7 13. Ne4 Qc7 14. Nfg5 Ne5 15. Bc3 Nxe4 16. Nxe4 O-O 17. Kb1 Rfd8 18. f3 Nxd3 19. Rxd3 Rxd3 20. Qxd3 Rd8 21. Qe2 Rd5 22. Qf2 b5 23. a3 Qd8 24. Rc1 Qc7 25. Qg3 Qxg3 26. hxg3 h5 27. Rh1 f6 28. Nf2 Bd6 29. g4 Bc5 30. Ne4 hxg4 31. fxg4 Be7 32. g5 Rf5 33. gxf6 gxf6 34. Rh4 Rf1+ 35. Ka2 e5 36. Bb4 Bd5+ 37. b3 Bxb4 38. axb4 Bxe4 39. Rxe4 Rf2 40. Rg4+ Kf7 41. Kb2 f5 42. Rg5 Kf6 43. Rg8 f4 44. Kc3 Kf5 45. g4+ Ke4 46. g5 Rg2 47. g6 Ke3 48. Re8 e4 49. Re6 f3 50. Rxa6 f2 51. Rf6 Rxg6 0-1

[Event "FSGM 2002.07"]
[Site "Budapest HUN"]
[Date "2002.07.15"]
[Round "10"]
[White "Bui Vinh"]
[Black "Gerzhoy, Leonid"]
[Result "1-0"]
[WhiteElo "2444"]
[BlackElo "2366"]
[PlyCount "113"]
[GameId "2129405142020594"]
[EventDate "2002.07.06"]
[EventType "tourn"]
[EventRounds "13"]
[EventCountry "HUN"]
[EventCategory "7"]
[SourceTitle "The Week in Chess 402"]
[Source "Mark Crowther"]
[SourceDate "2002.07.22"]
[SourceVersion "1"]
[SourceVersionDate "2002.07.22"]
[SourceQuality "2"]

1. d4 Nf6 2. c4 e6 3. Nf3 d5 4. Qc2 c5 5. cxd5 Nxd5 6. e4 Nb4 7. Qd1 cxd4 8. a3 N4c6 9. b4 a6 10. Bc4 Be7 11. O-O e5 12. Nbd2 O-O 13. Bd5 Bf6 14. Nc4 Ne7 15. Re1 Nbc6 16. a4 Ra7 17. Ba3 b5 18. Na5 Nxa5 19. bxa5 Nxd5 20. exd5 Re8 21. d6 Bb7 22. Rc1 Ra8 23. Rc7 Bd5 24. Bc5 Rc8 25. axb5 axb5 26. Rxc8 Qxc8 27. Bb4 Bc6 28. Qc2 Qb7 29. Qf5 Bd7 30. Qc2 Bc6 31. Rc1 Rc8 32. Nd2 Bd7 33. Qb1 Rxc1+ 34. Qxc1 Qc6 35. Qxc6 Bxc6 36. a6 e4 37. Kf1 Bd8 38. Nb3 Bb6 39. Ke2 f5 40. Bc5 Bxc5 41. Nxc5 Kf7 42. a7 b4 43. Nb3 d3+ 44. Kd2 f4 45. Nd4 Ba8 46. f3 e3+ 47. Kxd3 g5 48. Kc4 Ke8 49. Kxb4 Kd7 50. Kc5 h6 51. h3 Bb7 52. Ne2 Ba8 53. h4 Bb7 54. h5 Ba8 55. Nd4 Bb7 56. Kc4 Kxd6 57. Kd3 1-0

[Event "ISR-Tch"]
[Site "ISR"]
[Date "2002.01.18"]
[Round "2"]
[White "Gerzhoy, Leonid"]
[Black "Zak, Uriel"]
[Result "1/2-1/2"]
[WhiteElo "2332"]
[BlackElo "2353"]
[PlyCount "232"]
[GameId "2129405144643483"]
[EventDate "2002.01.12"]
[EventType "team"]
[EventRounds "11"]
[EventCountry "ISR"]
[SourceTitle "The Week in Chess 391"]
[Source "Mark Crowther"]
[SourceDate "2002.05.06"]
[SourceVersion "1"]
[SourceVersionDate "2002.05.06"]
[SourceQuality "2"]

1. d4 d5 2. c4 e6 3. Nf3 Nf6 4. g3 dxc4 5. Bg2 c6 6. Ne5 b5 7. a4 Nd5 8. O-O Bb7 9. e4 Nb6 10. axb5 cxb5 11. Nc3 a6 12. d5 Bd6 13. Nxf7 Kxf7 14. e5 exd5 15. exd6 Qxd6 16. Bf4 Qc6 17. Qh5+ g6 18. Qh6 N8d7 19. Rad1 Nf6 20. Be5 Rae8 21. f4 Re7 22. Ne2 Nbd7 23. Nd4 Qb6 24. Kh1 Rhe8 25. Bh3 Kg8 26. Ra1 Nxe5 27. fxe5 Ne4 28. Rad1 Rxe5 29. Qf4 Nd6 30. Be6+ R5xe6 31. Nxe6 d4+ 32. Kg1 d3+ 33. Qd4 Qxd4+ 34. Nxd4 Re5 35. Rf6 Ne4 36. Rf4 b4 37. Rdf1 Nd6 38. Rf8+ Kg7 39. Rd8 Nf7 40. Rd7 Bd5 41. Nf3 Rf5 42. g4 Rxf3 43. Rxd5 Rf6 44. Rc5 d2 45. Rd1 Rf4 46. Rxd2 Rxg4+ 47. Kf2 Ng5 48. Rc7+ Kh6 49. Rc2 c3 50. bxc3 bxc3 51. R2xc3 Ne4+ 52. Kf3 Rh4 53. Rc2 a5 54. Ra7 a4 55. Kg2 Rg4+ 56. Kf3 Rh4 57. Ke3 Nf6 58. Kf3 Ne4 59. Ra2 Nc3 60. Rd2 Ne4 61. Rdd7 Ng5+ 62. Kg3 Rh3+ 63. Kg2 Rh4 64. Re7 Rg4+ 65. Kf2 Rh4 66. Kg3 Rh3+ 67. Kg2 Rh4 68. Re3 Rg4+ 69. Rg3 Rf4 70. Ra3 Rg4+ 71. Kf2 Rh4 72. Kg2 Rg4+ 73. Kh1 Ne4 74. h3 Rf4 75. R7xa4 Ng3+ 76. Kg2 Rxa4 77. Rxa4 Nf5 78. Kf3 Kg5 79. Ra7 h5 80. Ra4 Nh4+ 81. Ke4 Nf5 82. Ke5 Nh4 83. Ra1 Nf5 84. Ra6 Kh4 85. Rxg6 Ne3 86. Rc6 Nf1 87. Kf4 Kxh3 88. Rc3+ Kg2 89. Rc2+ Kh3 90. Rc3+ Kg2 91. Kg5 Ng3 92. Kh4 Ne2 93. Ra3 Nd4 94. Kxh5 Kf2 95. Kg4 Ne2 96. Kf5 Ng3+ 97. Ke5 Ne2 98. Kf5 Ng3+ 99. Kg4 Ne2 100. Rf3+ Ke1 101. Rh3 Kf2 102. Kf5 Ng3+ 103. Kg4 Ne2 104. Ra3 Nd4 105. Kg5 Ne2 106. Kf5 Ng3+ 107. Ke5 Ne2 108. Rd3 Ng3 109. Kf4 Ne2+ 110. Kg4 Ng1 111. Rd6 Ne2 112. Rb6 Ng1 113. Kf4 Ne2+ 114. Ke4 Ng3+ 115. Kd3 Kf3 116. Rb8 Nf5 1/2-1/2

[Event "ISR-Tch"]
[Site "ISR"]
[Date "2002.01.26"]
[Round "3"]
[White "Gerzhoy, Leonid"]
[Black "Har Zvi, Ronen"]
[Result "1/2-1/2"]
[WhiteElo "2332"]
[BlackElo "2504"]
[PlyCount "43"]
[GameId "2129405144643525"]
[EventDate "2002.01.12"]
[EventType "team"]
[EventRounds "11"]
[EventCountry "ISR"]
[SourceTitle "The Week in Chess 391"]
[Source "Mark Crowther"]
[SourceDate "2002.05.06"]
[SourceVersion "1"]
[SourceVersionDate "2002.05.06"]
[SourceQuality "2"]

1. Nf3 c5 2. c4 Nc6 3. Nc3 Nf6 4. g3 d5 5. d4 e6 6. cxd5 Nxd5 7. Bg2 Be7 8. O-O O-O 9. e4 Ndb4 10. a3 cxd4 11. axb4 dxc3 12. bxc3 Bf6 13. Qb3 b6 14. b5 Na5 15. Qa4 g6 16. Ba3 Re8 17. Rfd1 Qc7 18. Bd6 Qxc3 19. Rac1 Qb3 20. Qxb3 Nxb3 21. Rb1 Nc5 22. Bxc5 1/2-1/2

[Event "EUR-ch U14"]
[Site "Halkidiki GRE"]
[Date "2001.09.01"]
[Round "2"]
[White "Gerzhoy, Leonid"]
[Black "Baratosi, Daniel"]
[Result "1-0"]
[WhiteElo "2257"]
[BlackElo "2078"]
[PlyCount "71"]
[GameId "2129405147507451"]
[EventDate "2001.08.31"]
[EventType "swiss"]
[EventRounds "9"]
[EventCountry "GRE"]
[SourceTitle "The Week in Chess 357"]
[Source "Mark Crowther"]
[SourceDate "2001.09.10"]
[SourceVersion "2"]
[SourceVersionDate "2001.09.10"]
[SourceQuality "2"]

1. c4 e5 2. Nc3 Nc6 3. g3 g6 4. Bg2 Bg7 5. e3 d6 6. Nge2 Be6 7. d3 Nge7 8. Nd5 Qd7 9. O-O O-O 10. Rb1 a5 11. a3 f5 12. b4 axb4 13. axb4 Nc8 14. b5 Nd8 15. b6 cxb6 16. Nec3 Kh8 17. Nb5 Bxd5 18. Bxd5 g5 19. f4 gxf4 20. exf4 Nc6 21. fxe5 dxe5 22. Be3 f4 23. gxf4 exf4 24. Bxf4 Ra2 25. Bg3 Qe7 26. Rxf8+ Qxf8 27. Qh5 Ra1 28. Rxa1 Bxa1 29. Nc7 Nd6 30. Ne6 Qf5 31. Qh6 Ne5 32. Ng5 Ng4 33. Qh5 Bd4+ 34. Kg2 Qg6 35. Qh4 Bf6 36. Nf7+ 1-0

[Event "EUR-ch U14"]
[Site "Halkidiki GRE"]
[Date "2001.09.03"]
[Round "4"]
[White "Gerzhoy, Leonid"]
[Black "Predojevic, Borki"]
[Result "1/2-1/2"]
[WhiteElo "2257"]
[BlackElo "2338"]
[PlyCount "115"]
[GameId "2129405147507482"]
[EventDate "2001.08.31"]
[EventType "swiss"]
[EventRounds "9"]
[EventCountry "GRE"]
[SourceTitle "The Week in Chess 357"]
[Source "Mark Crowther"]
[SourceDate "2001.09.10"]
[SourceVersion "2"]
[SourceVersionDate "2001.09.10"]
[SourceQuality "2"]

1. Nf3 c5 2. c4 g6 3. d4 cxd4 4. Nxd4 Bg7 5. e4 Nc6 6. Be3 Nf6 7. Nc3 O-O 8. Be2 b6 9. O-O Bb7 10. Nxc6 Bxc6 11. f3 e6 12. Qd2 Qe7 13. Rad1 Rfd8 14. Bg5 d6 15. Rfe1 Rd7 16. Bf1 Qf8 17. Kh1 h6 18. Bh4 Nh5 19. Bf2 Be5 20. Be3 g5 21. Qf2 Qg7 22. Bd4 Nf4 23. Ne2 Ng6 24. Rd2 Rad8 25. Red1 h5 26. Qe3 Qf6 27. Bxe5 Qxe5 28. Nd4 Bb7 29. Nb5 a6 30. Nc3 Qc5 31. Qd4 Qxd4 32. Rxd4 Bc6 33. b4 Ne7 34. Kg1 Kf8 35. Kf2 h4 36. g3 hxg3+ 37. hxg3 Nc8 38. f4 gxf4 39. gxf4 Ke7 40. e5 dxe5 41. Rxd7+ Rxd7 42. Rxd7+ Kxd7 43. fxe5 Ne7 44. Bd3 Bh1 45. b5 axb5 46. cxb5 Nd5 47. Nxd5 Bxd5 48. a3 Ke7 49. Ke3 f6 50. exf6+ Kxf6 51. Kd4 Bb7 52. Kc3 Ke5 53. Kb4 Kd4 54. Bg6 e5 55. a4 e4 56. Bxe4 Bxe4 57. a5 bxa5+ 58. Kxa5 1/2-1/2

[Event "EUR-ch U14"]
[Site "Halkidiki GRE"]
[Date "2001.09.04"]
[Round "5"]
[White "Romanov, Evgeny"]
[Black "Gerzhoy, Leonid"]
[Result "0-1"]
[WhiteElo "2195"]
[BlackElo "2257"]
[PlyCount "94"]
[GameId "2129405147507500"]
[EventDate "2001.08.31"]
[EventType "swiss"]
[EventRounds "9"]
[EventCountry "GRE"]
[SourceTitle "The Week in Chess 357"]
[Source "Mark Crowther"]
[SourceDate "2001.09.10"]
[SourceVersion "2"]
[SourceVersionDate "2001.09.10"]
[SourceQuality "2"]

1. e4 c5 2. Nf3 Nc6 3. d4 cxd4 4. Nxd4 g6 5. c4 Bg7 6. Be3 Nf6 7. Nc3 Ng4 8. Qxg4 Nxd4 9. Qd1 Ne6 10. Rc1 d6 11. Be2 O-O 12. O-O a5 13. Qd2 Bd7 14. f4 Bc6 15. Bf3 Rc8 16. Nd5 Nc5 17. Bd4 e6 18. Bxg7 Kxg7 19. Qd4+ f6 20. Nc3 e5 21. fxe5 fxe5 22. Qd2 Qe7 23. Nd5 Bxd5 24. cxd5 a4 25. Qe2 Rf4 26. b4 axb3 27. axb3 Rcf8 28. Qc2 Qg5 29. b4 Nxe4 30. Rfe1 Rxf3 31. Qxe4 Rf2 32. Rc7+ Kg8 33. Rc2 Rxc2 34. Qxc2 Qf4 35. Qb2 Qc4 36. Qd2 Rf4 37. Rc1 Qxb4 38. Qxb4 Rxb4 39. Rc7 Rd4 40. Rxb7 Rxd5 41. Kf2 Rd2+ 42. Kg3 d5 43. Kh4 Rxg2 44. h3 Rf2 45. Kg3 Rf7 46. Rb5 Rd7 47. Kf3 Kg7 0-1

[Event "EUR-ch U14"]
[Site "Halkidiki GRE"]
[Date "2001.09.08"]
[Round "8"]
[White "Gerzhoy, Leonid"]
[Black "Laznicka, Viktor"]
[Result "1/2-1/2"]
[WhiteElo "2257"]
[BlackElo "2047"]
[PlyCount "31"]
[GameId "2129405147507540"]
[EventDate "2001.08.31"]
[EventType "swiss"]
[EventRounds "9"]
[EventCountry "GRE"]
[SourceTitle "The Week in Chess 357"]
[Source "Mark Crowther"]
[SourceDate "2001.09.10"]
[SourceVersion "2"]
[SourceVersionDate "2001.09.10"]
[SourceQuality "2"]

1. Nf3 e6 2. c4 Nf6 3. g3 a6 4. Bg2 b5 5. b3 c5 6. O-O Nc6 7. Ne5 Bb7 8. Nxc6 Bxc6 9. Bxc6 dxc6 10. Bb2 Be7 11. d3 O-O 12. Nd2 Nd7 13. Qc2 Bf6 14. Bxf6 Qxf6 15. Rac1 Qe7 16. Nf3 1/2-1/2

[Event "EUR-ch U14"]
[Site "Halkidiki GRE"]
[Date "2001.09.09"]
[Round "9"]
[White "Gerzhoy, Leonid"]
[Black "Baramidze, David"]
[Result "1/2-1/2"]
[WhiteElo "2257"]
[BlackElo "2338"]
[PlyCount "74"]
[GameId "2129405147515744"]
[EventDate "2001.08.31"]
[EventType "swiss"]
[EventRounds "9"]
[EventCountry "GRE"]
[SourceTitle "The Week in Chess 357"]
[Source "Mark Crowther"]
[SourceDate "2001.09.10"]
[SourceVersion "2"]
[SourceVersionDate "2001.09.10"]
[SourceQuality "2"]

1. Nf3 d5 2. d4 Nf6 3. c4 e6 4. g3 b6 5. Bg2 Bb7 6. cxd5 exd5 7. O-O Be7 8. Nc3 O-O 9. Bf4 c5 10. dxc5 bxc5 11. Ne5 Na6 12. Qa4 Qc8 13. e3 Rd8 14. Rfd1 Qe6 15. g4 Nb4 16. h3 h5 17. g5 Nd7 18. Nxd7 Rxd7 19. a3 Bc6 20. Qa5 Bd8 21. Qxc5 Nc2 22. Ne2 Nxa1 23. Nd4 Nb3 24. Nxe6 Nxc5 25. Nxc5 Re7 26. Nd3 a5 27. Ne5 Bb7 28. Bxd5 Bxd5 29. Rxd5 Rc8 30. b4 axb4 31. axb4 Rb7 32. b5 Bc7 33. Rd7 Rxb5 34. Nc6 Bxf4 35. Ne7+ Kh7 36. Nxc8 Rxg5+ 37. Kf1 Rc5 1/2-1/2

[Event "CZE-op"]
[Site "Pardubice CZE"]
[Date "2001.07.26"]
[Round "7"]
[White "Voloshin, Leonid"]
[Black "Gerzhoy, Leonid"]
[Result "1/2-1/2"]
[WhiteElo "2426"]
[BlackElo "2257"]
[PlyCount "62"]
[GameId "2129405148332763"]
[EventDate "2001.07.20"]
[EventType "swiss"]
[EventRounds "9"]
[EventCountry "CZE"]
[SourceTitle "The Week in Chess 351"]
[Source "Mark Crowther"]
[SourceDate "2001.07.30"]
[SourceVersion "1"]
[SourceVersionDate "2001.07.30"]
[SourceQuality "2"]

1. d4 Nf6 2. Nf3 e6 3. c4 d5 4. Nc3 Bb4 5. Bg5 h6 6. Bxf6 Qxf6 7. e3 O-O 8. Qb3 c5 9. dxc5 Bxc3+ 10. Qxc3 Qxc3+ 11. bxc3 Nd7 12. cxd5 exd5 13. Rd1 Nxc5 14. Rxd5 b6 15. Rd4 Be6 16. c4 Rac8 17. Be2 Rc7 18. Kd2 Rfc8 19. Rb1 Nb7 20. Kc3 Na5 21. Nd2 Nc6 22. Rd6 Kf8 23. Rb5 Ke7 24. Rd3 Na5 25. Rd4 Nb7 26. Rb4 Nd6 27. a4 Nf5 28. Re4 Nd6 29. Rd4 Nf5 30. Re4 Nd6 31. Rd4 Nf5 1/2-1/2

[Event "CZE-op"]
[Site "Pardubice CZE"]
[Date "2001.07.27"]
[Round "8"]
[White "Gerzhoy, Leonid"]
[Black "Talla, Vladimir"]
[Result "1/2-1/2"]
[WhiteElo "2257"]
[BlackElo "2401"]
[PlyCount "82"]
[GameId "2129405148332772"]
[EventDate "2001.07.20"]
[EventType "swiss"]
[EventRounds "9"]
[EventCountry "CZE"]
[SourceTitle "The Week in Chess 351"]
[Source "Mark Crowther"]
[SourceDate "2001.07.30"]
[SourceVersion "1"]
[SourceVersionDate "2001.07.30"]
[SourceQuality "2"]

1. Nf3 c5 2. c4 Nc6 3. Nc3 g6 4. e3 Bg7 5. d4 d6 6. d5 Ne5 7. Nxe5 dxe5 8. Be2 Nf6 9. e4 O-O 10. O-O Ne8 11. Be3 b6 12. a3 Bd7 13. b4 Rc8 14. bxc5 bxc5 15. Qd2 Nd6 16. a4 a6 17. Rfb1 Qa5 18. Rb2 Rb8 19. Rab1 Rb4 20. Rxb4 cxb4 21. Nd1 Nxe4 22. Qxb4 Qxa4 23. Qxe7 Re8 24. Qb4 Qxb4 25. Rxb4 Bf8 26. Rb7 Bc8 27. Rc7 Bd6 28. Rc6 Bd7 29. Rxa6 Bc5 30. Bxc5 Nxc5 31. Ra7 Kf8 32. Nc3 Ke7 33. Nb5 Rb8 34. f3 Rb7 35. Ra8 Bxb5 36. cxb5 Nb3 37. Ra6 Nd4 38. d6+ Kd7 39. Bc4 Nxb5 40. Bd5 Rb8 41. Bxf7 Nxd6 1/2-1/2

[Event "CZE-op"]
[Site "Pardubice CZE"]
[Date "2001.07.28"]
[Round "9"]
[White "Lechtynsky, Jiri"]
[Black "Gerzhoy, Leonid"]
[Result "0-1"]
[WhiteElo "2422"]
[BlackElo "2257"]
[PlyCount "80"]
[GameId "2129405148332827"]
[EventDate "2001.07.20"]
[EventType "swiss"]
[EventRounds "9"]
[EventCountry "CZE"]
[SourceTitle "The Week in Chess 351"]
[Source "Mark Crowther"]
[SourceDate "2001.07.30"]
[SourceVersion "1"]
[SourceVersionDate "2001.07.30"]
[SourceQuality "2"]

1. Nf3 c5 2. c4 g6 3. d4 cxd4 4. Nxd4 Bg7 5. e4 Nc6 6. Be3 Nf6 7. Nc3 Ng4 8. Qxg4 Nxd4 9. Qd1 Ne6 10. Qd2 d6 11. Be2 Bd7 12. O-O O-O 13. b4 b6 14. Rab1 Bc6 15. f3 Qd7 16. Kh1 Rfd8 17. Rfe1 Rac8 18. Rbc1 Nc7 19. Bf1 e6 20. Red1 Qe7 21. Re1 Bb7 22. a3 Qf8 23. Bg5 Rd7 24. Rcd1 d5 25. e5 h6 26. Bh4 g5 27. Bf2 Rcd8 28. c5 d4 29. cxb6 dxc3 30. Qxd7 Rxd7 31. Rxd7 Nd5 32. Rxb7 axb6 33. Ba6 Qd8 34. g3 c2 35. Kg2 Qc8 36. Rc1 Bxe5 37. Ra7 Qc3 38. Ra8+ Kg7 39. Rc8 Qxa3 40. R1xc2 Qxa6 0-1

[Event "ISR-op"]
[Site "Tel Aviv ISR"]
[Date "2001.04.09"]
[Round "1"]
[White "Gerzhoy, Leonid"]
[Black "Sutovsky, Emil"]
[Result "0-1"]
[WhiteElo "2245"]
[BlackElo "2604"]
[PlyCount "50"]
[GameId "2129405149828260"]
[EventDate "2001.04.09"]
[EventType "swiss"]
[EventRounds "9"]
[EventCountry "ISR"]
[SourceTitle "The Week in Chess 336"]
[Source "Mark Crowther"]
[SourceDate "2001.04.16"]
[SourceVersion "1"]
[SourceVersionDate "2001.04.16"]
[SourceQuality "2"]

1. Nf3 Nf6 2. c4 g6 3. Nc3 d5 4. Qa4+ Bd7 5. Qb3 dxc4 6. Qxc4 Nc6 7. e4 e5 8. d4 exd4 9. Nxd4 Ne5 10. Qe2 Bg7 11. Nf3 Qe7 12. Bg5 O-O-O 13. Nd5 Qd6 14. Nxe5 Qxe5 15. f4 Qd6 16. Nc3 Bg4 17. Qc2 Rhe8 18. e5 Rxe5+ 19. fxe5 Qxe5+ 20. Be2 Qxg5 21. O-O Rd2 22. Bxg4+ Nxg4 23. Qe4 Qh4 24. h3 Bd4+ 25. Kh1 Qxh3+ 0-1

[Event "ISR-chT"]
[Site "Israel"]
[Date "2002.03.02"]
[Round "5"]
[White "Gerzhoy, Leonid"]
[Black "Lerner, Konstantin Z"]
[Result "0-1"]
[WhiteElo "2332"]
[BlackElo "2569"]
[PlyCount "112"]
[GameId "1166644145762304"]
[EventDate "2002.01.10"]
[EventType "team"]
[EventRounds "11"]
[EventCountry "ISR"]
[SourceTitle "EXT 2003"]
[Source "ChessBase"]
[SourceDate "2002.11.25"]
[SourceVersion "1"]
[SourceVersionDate "2002.11.25"]
[SourceQuality "1"]

1. Nf3 Nf6 2. c4 e6 3. g3 d5 4. d4 Bb4+ 5. Bd2 Be7 6. Bg2 O-O 7. O-O c6 8. Qc2 b6 9. Ne5 Nfd7 10. Nd3 Nf6 11. Bb4 Bxb4 12. Nxb4 Bb7 13. Nd2 Qe7 14. Nd3 Rd8 15. c5 Ba6 16. b4 Nbd7 17. Rfe1 Bxd3 18. exd3 a5 19. a3 Rdb8 20. Nb3 a4 21. Nd2 Ne8 22. b5 bxc5 23. bxc6 Ndf6 24. dxc5 Qc7 25. Rab1 Qxc6 26. Nf3 Nd7 27. d4 Nd6 28. Ng5 Nf8 29. Qd3 Nf5 30. Bh3 Ne7 31. f4 g6 32. Nf3 Nd7 33. g4 Rxb1 34. Rxb1 Qc7 35. Ne5 Nxe5 36. fxe5 Rb8 37. Bf1 Nc6 38. Rxb8+ Qxb8 39. Qb5 Qa8 40. Qa6 Qxa6 41. Bxa6 Nxd4 42. Kf2 f6 43. exf6 g5 44. Ke3 e5 45. Bb7 Kf7 46. Bxd5+ Kxf6 47. Ke4 Nb5 48. Bc6 Nxa3 49. Bxa4 Nb1 50. Bb3 Nd2+ 51. Kd5 Nxb3 52. c6 Ke7 53. Kxe5 Nd2 54. Kf5 Nf3 55. h4 gxh4 56. Kf4 Ng5 0-1

[Event "Budapest FS07 GM"]
[Site "Budapest"]
[Date "2002.07.07"]
[Round "2"]
[White "Pedersen, Nicolai Vesterbaek"]
[Black "Gerzhoy, Leonid"]
[Result "1-0"]
[WhiteElo "2458"]
[BlackElo "2366"]
[PlyCount "131"]
[GameId "1166644483960832"]
[EventDate "2002.07.06"]
[EventType "tourn"]
[EventRounds "13"]
[EventCountry "HUN"]
[EventCategory "7"]
[SourceTitle "CBM 089 Extra"]
[Source "ChessBase"]
[SourceDate "2002.09.10"]
[SourceVersion "2"]
[SourceVersionDate "2002.09.10"]
[SourceQuality "1"]

1. d4 Nf6 2. c4 e6 3. Nc3 Bb4 4. Qc2 O-O 5. a3 Bxc3+ 6. Qxc3 b6 7. Bg5 Bb7 8. f3 h6 9. Bh4 d5 10. e3 Nbd7 11. cxd5 Nxd5 12. Bxd8 Nxc3 13. Bh4 Nd5 14. Bf2 c5 15. e4 Ne7 16. Ne2 Ba6 17. dxc5 Nxc5 18. Bxc5 bxc5 19. O-O-O Nc6 20. Rd6 Rfc8 21. Nc3 Bxf1 22. Rxf1 Rab8 23. Rf2 Ne5 24. Rc2 c4 25. Kb1 Rb3 26. Ka2 Kf8 27. Rcd2 Rbb8 28. Ra6 Rc7 29. Ra5 Nd3 30. Rb5 Rd8 31. Kb1 Rcd7 32. Ra5 Rb8 33. Rb5 Rbd8 34. Ra5 Rb8 35. Rb5 Rbd8 36. a4 g5 37. Ra5 Ne1 38. Re2 Rd1+ 39. Ka2 Nd3 40. Nxd1 Nc1+ 41. Ka3 Nxe2 42. Nc3 Nxc3 43. bxc3 Rd2 44. Rxa7 Rxg2 45. a5 Rxh2 46. Rb7 Rh1 47. Rb2 Rd1 48. Ra2 h5 49. a6 Rd8 50. Kb4 h4 51. Kxc4 f5 52. exf5 exf5 53. Rg2 Kf7 54. Rxg5 Rh8 55. Rxf5+ Ke6 56. Ra5 h3 57. Ra1 h2 58. a7 Ra8 59. Rh1 Rxa7 60. Rxh2 Rc7+ 61. Kd3 Ke5 62. Rh4 Rf7 63. Ke3 Rc7 64. Re4+ Kf5 65. c4 Ra7 66. Kd4 1-0

[Event "Budapest FS07 GM"]
[Site "Budapest"]
[Date "2002.07.16"]
[Round "11"]
[White "Gerzhoy, Leonid"]
[Black "Rajlich, Vasik G"]
[Result "1-0"]
[WhiteElo "2366"]
[BlackElo "2338"]
[PlyCount "89"]
[GameId "1166644484202496"]
[EventDate "2002.07.06"]
[EventType "tourn"]
[EventRounds "13"]
[EventCountry "HUN"]
[EventCategory "7"]
[SourceTitle "CBM 089 Extra"]
[Source "ChessBase"]
[SourceDate "2002.09.10"]
[SourceVersion "2"]
[SourceVersionDate "2002.09.10"]
[SourceQuality "1"]

1. Nf3 Nf6 2. c4 g6 3. Nc3 Bg7 4. e4 d6 5. d4 O-O 6. Be2 e5 7. O-O Nc6 8. d5 Ne7 9. b4 Nh5 10. Re1 f5 11. Ng5 Nf6 12. Bf3 c6 13. Be3 cxd5 14. cxd5 h6 15. Ne6 Bxe6 16. dxe6 fxe4 17. Nxe4 Nxe4 18. Bxe4 d5 19. Bc2 b6 20. Qg4 e4 21. Rad1 Qc7 22. Bb3 Rf5 23. Rc1 Qd6 24. Red1 Raf8 25. b5 Kh7 26. h3 Be5 27. Kh1 Bf4 28. Bxf4 Rxf4 29. Qg3 h5 30. Bxd5 Nxd5 31. Rc6 h4 32. Qb3 Qb8 33. Rxd5 Rxf2 34. Rd7+ Kh6 35. Rcc7 Rf1+ 36. Kh2 Re1 37. Rh7+ Kg5 38. Qd5+ Kf6 39. Qd4+ Kf5 40. Qf2+ Ke5 41. Qxe1 g5 42. Qc3+ Kxe6 43. Rhe7+ Kf5 44. Qe5+ Kg6 45. Re6+ 1-0

[Event "Wch U16"]
[Site "Chalkidiki"]
[Date "2003.10.29"]
[Round "7"]
[White "Gerzhoy, Leonid"]
[Black "Nikhilesh, Kumar K"]
[Result "1/2-1/2"]
[WhiteElo "2423"]
[BlackElo "2250"]
[PlyCount "36"]
[GameId "1166645860601856"]
[EventDate "2003.10.23"]
[EventType "swiss"]
[EventRounds "11"]
[EventCountry "GRE"]
[SourceTitle "EXT 2004"]
[Source "ChessBase"]
[SourceDate "2003.11.25"]
[SourceVersion "1"]
[SourceVersionDate "2003.11.25"]
[SourceQuality "1"]

1. Nf3 Nf6 2. c4 g6 3. Nc3 d5 4. cxd5 Nxd5 5. Qa4+ Bd7 6. Qh4 Nxc3 7. dxc3 Nc6 8. e4 e5 9. Bg5 Be7 10. Bc4 h6 11. Bxe7 Qxe7 12. Qg3 O-O-O 13. Bd5 g5 14. O-O f6 15. Nd2 Be6 16. Bxe6+ Qxe6 17. Qe3 Rd6 18. Nb3 b6 1/2-1/2